Statistics for Happiest & Unhappiest Countries by Continent

Click here to take the quiz!

General Stats

  • This quiz has been taken 136 times
    (76 since last reset)
  • The average score is 24 of 40

Answer Stats

ContinentHappiness ScoreCountry% Correct
Europe7.804Finland
96%
Europe7.395Sweden
96%
Europe7.530Iceland
89%
Americas6.894United States
87%
Americas6.961Canada
85%
Europe5.071Ukraine
85%
Europe7.568Denmark
84%
Asia7.473Israel
76%
Asia1.859Afghanistan
75%
Europe5.633Bosnia and Herzegovina
75%
Asia6.587Singapore
73%
Africa5.275South Africa
73%
Europe5.254North Macedonia
71%
Asia6.571United Arab Emirates
69%
Europe5.466Bulgaria
67%
Europe5.277Albania
65%
Africa5.329Algeria
64%
Europe7.403Netherlands
64%
Asia4.036India
62%
Americas5.569Dominican Republic
60%
Asia6.463Saudi Arabia
60%
Americas5.211Venezuela
60%
Africa3.207Democratic Republic of the Congo
56%
Asia6.535Taiwan
56%
Americas6.609Costa Rica
55%
Americas5.559Ecuador
53%
Americas6.494Uruguay
53%
Americas6.334Chile
49%
Americas5.526Peru
49%
Asia4.282Bangladesh
47%
Americas5.630Colombia
47%
Africa5.902Mauritius
47%
Asia2.392Lebanon
45%
Africa5.267Republic of the Congo
44%
Africa3.435Botswana
40%
Africa3.204Zimbabwe
36%
Asia4.120Jordan
35%
Africa5.072Guinea
27%
Africa3.495Malawi
27%
Africa3.138Sierra Leone
18%

Score Distribution

Percentile by Number Answered

Percent of People with Each Score

Your Score History

You have not taken this quiz since the last reset